The Quran and modernism (Record no. 16919)
[ view plain ]
| 000 -LEADER | |
|---|---|
| fixed length control field | 00311nam a22001097a 4500 |
| 008 - FIXED-LENGTH DATA ELEMENTS--GENERAL INFORMATION | |
| fixed length control field | 140207t xxu||||| |||| 00| 0 eng d |
| 020 ## - INTERNATIONAL STANDARD BOOK NUMBER | |
| International Standard Book Number | 969-8373-01-2 |
| 100 ## - MAIN ENTRY--PERSONAL NAME | |
| Personal name | Iqbal s. Hussain |
| 9 (RLIN) | 660 |
| 245 ## - TITLE STATEMENT | |
| Title | The Quran and modernism |
| Remainder of title | beyond science & philosophy / |
| Statement of responsibility, etc. | Iqbal S. Hussain. |
| 300 ## - PHYSICAL DESCRIPTION | |
| Extent | 473 p. ; |
| 942 ## - ADDED ENTRY ELEMENTS (KOHA) | |
| Source of classification or shelving scheme | |
| Koha item type | Book |
| Withdrawn status | Lost status | Source of classification or shelving scheme | Damaged status | Not for loan | Collection code | Permanent Location | Current Location | Date acquired | Total Checkouts | Full call number | Barcode | Date last seen | Date last checked out | Price effective from | Koha item type |
|---|---|---|---|---|---|---|---|---|---|---|---|---|---|---|---|
| Atta-ur-Rahman School of Applied Biosciences (ASAB) | Atta-ur-Rahman School of Applied Biosciences (ASAB) | 02/07/2014 | 1 | 297.122 HUS | ASAB1553 | 08/08/2023 | 04/25/2022 | 02/07/2014 | Book |
